A handbook of Saiva religion; (Record no. 77328)

MARC details
000 -LEADER
fixed length control field 00519cam a22001811 4500
001 - CONTROL NUMBER
control field sa 68000611
003 - CONTROL NUMBER IDENTIFIER
control field DLC
005 - DATE AND TIME OF LATEST TRANSACTION
control field 20260227112425.0
008 - FIXED-LENGTH DATA ELEMENTS--GENERAL INFORMATION
fixed length control field 710901r1950 ii 00000 eng
010 ## - LIBRARY OF CONGRESS CONTROL NUMBER
LC control number sa 68000611 //r89
050 0# - LIBRARY OF CONGRESS CALL NUMBER
Classification number BL1245.S5
Item number K3 1950
100 10 - MAIN ENTRY--PERSONAL NAME
Personal name Katiresu, Subramaniar.
245 12 - TITLE STATEMENT
Title A handbook of Saiva religion;
Remainder of title a Hindu religion of bakthi, love, and devotion.
250 ## - EDITION STATEMENT
Edition statement Rev. reprint.
260 0# - PUBLICATION, DISTRIBUTION, ETC.
Place of publication, distribution, etc. Madras,
Name of publisher, distributor, etc. G. A. Natesan
Date of publication, distribution, etc. [1950]
300 ## - PHYSICAL DESCRIPTION
Extent iv, 108 p.
Dimensions 18 cm.
650 #0 - SUBJECT ADDED ENTRY--TOPICAL TERM
Topical term or geographic name entry element Śaivism.

No items available.

Powered by Koha